|
|
|
|
| LEADER |
00000nab a2200000 a 4500 |
| 001 |
vtls000431446 |
| 003 |
SK-MaSNL |
| 005 |
20260303002213.0 |
| 008 |
120925c1990 xo 0 slo |
| 015 |
|
|
|a SNBRA19rr/mm-uuuuu
|
| 035 |
|
|
|a CL0431574
|
| 040 |
|
|
|a SNKBUCL
|b slo
|c SNKBUCL
|e AACR2
|
| 041 |
0 |
|
|a slo
|
| 044 |
|
|
|a xo
|c SK
|
| 080 |
|
|
|a 006.03:65.011.2
|2 1981
|
| 080 |
|
|
|a 65.011.2
|2 1981
|
| 100 |
1 |
|
|a Svoboda, Jaroslav
|4 aut
|9 289270
|
| 245 |
1 |
0 |
|a Vzájomné vzťahy centra a podniku v oblasti TN
|c Jaroslav Svoboda
|
| 650 |
0 |
7 |
|a normalizácia technická
|2 snkbucl
|9 698564
|
| 650 |
0 |
7 |
|a riadenie podnikové
|2 snkbucl
|9 899058
|
| 655 |
|
7 |
|a články zo zborníkov
|2 snkbucl
|9 166140
|
| 773 |
0 |
|
|t Technická normalizácia ako faktor VTR
|d Žilina : Dom techniky ČSVTS, 1990
|
| 850 |
|
|
|a Slovenská národná knižnica v Martine
|a MTA001
|
| 852 |
|
|
|a SNK
|b KIS3GCP
|
| 958 |
|
|
|a RK
|
| 992 |
|
|
|a RZB
|
| 999 |
|
|
|c 1566821
|d 1568751
|